[Event "Sibiria Region-ch"]
[Site "Novokuznetsk"]
[Date "2008.03.20"]
[Round "8"]
[White "Mokhov, Vladimir"]
[Black "Karpov, Igor"]
[Result "1-0"]
[WhiteElo "2176"]
[BlackElo "2277"]
[PlyCount "63"]
[EventDate "2008.03.13"]
[EventType "swiss"]
[EventRounds "9"]
[EventCountry "RUS"]
[SourceTitle "CBM 123 Extra"]
[Source "ChessBase"]
[SourceDate "2008.05.06"]
[SourceVersion "1"]
[SourceVersionDate "2008.05.06"]
[SourceQuality "1"]

1. e4 c5 2. c3 e6 3. d4 d5 4. e5 Nc6 5. Nf3 Qb6 6. a3 Bd7 7. b4 c4 8. a4 a5 9. b5 Nd8 10. Be2 f5 11. Nbd2 Nf7 12. Nf1 Be7 13. h4 Ngh6 14. g3 0-0-0 15. Ng1 Rdg8 16. f4 g6 17. Be3 Qc7 18. Bf2 Nd8 19. Ne3 Nhf7 20. Bf3 b6 21. Bxd5 Bxb5 22. axb5 exd5 23. Nxd5 Qb7 24. Nxe7+ Qxe7 25. d5 Nxe5 26. fxe5 Qxe5+ 27. Kf1 Re8 28. Qd4 Qxd4 29. Bxd4 Rhf8 30. Nf3 Kb7 31. Ne5 Nf7 32. Nd7 1-0

[Event "Sibiria Region-ch"]
[Site "Novokuznetsk"]
[Date "2008.03.16"]
[Round "4"]
[White "Bogachev, Alexandr"]
[Black "Karpov, Igor"]
[Result "1-0"]
[WhiteElo "2139"]
[BlackElo "2277"]
[PlyCount "73"]
[EventDate "2008.03.13"]
[EventType "swiss"]
[EventRounds "9"]
[EventCountry "RUS"]
[SourceTitle "CBM 123 Extra"]
[Source "ChessBase"]
[SourceDate "2008.05.06"]
[SourceVersion "1"]
[SourceVersionDate "2008.05.06"]
[SourceQuality "1"]

1. d4 Nf6 2. Nd2 d5 3. e3 Bf5 4. Ne2 e6 5. Ng3 Bg6 6. f4 h5 7. Bd3 Bxd3 8. cxd3 Ng4 9. Qe2 g6 10. 0-0 Bg7 11. Nf3 h4 12. Nh1 Nh6 13. Nf2 Nc6 14. Bd2 Nf5 15. Rfd1 0-0 16. Rac1 Rc8 17. b4 a6 18. a3 Qe8 19. Bc3 Qd8 20. Bb2 Re8 21. Ne5 Bxe5 22. dxe5 Nh6 23. e4 Ne7 24. Qe3 Kh7 25. Qh3 Neg8 26. g3 c6 27. g4 g5 28. Qe3 gxf4 29. Qxf4 Ne7 30. Kh1 Ng6 31. Qe3 Ng8 32. g5 N8e7 33. Ng4 Rh8 34. Rf1 Nf8 35. Rf6 Neg6 36. Rcf1 Rc7 37. Bd4 1-0

[Event "Belovo"]
[Site "Belovo"]
[Date "2006.??.??"]
[Round "?"]
[White "Kudryavchev, Valerij"]
[Black "Karpov, Igor"]
[Result "0-1"]
[WhiteElo "2223"]
[BlackElo "2269"]
[PlyCount "40"]
[EventDate "2006.??.??"]
[EventType "tourn"]
[EventRounds "16"]
[EventCountry "RUS"]
[SourceTitle "EXT 2008"]
[Source "ChessBase"]
[SourceDate "2007.11.25"]
[SourceVersion "1"]
[SourceVersionDate "2007.11.25"]
[SourceQuality "1"]

1. d4 Nf6 2. c4 e6 3. Nc3 d5 4. cxd5 exd5 5. Nf3 c6 6. Bg5 Be7 7. Qc2 Be6 8. Ne5 Nbd7 9. f4 g6 10. e3 Nxe5 11. Bxf6 Bxf6 12. dxe5 Bg7 13. e4 dxe4 14. Nxe4 Qa5+ 15. Kf2 0-0-0 16. Nd6+ Rxd6 17. exd6 Bd4+ 18. Kg3 g5 19. h3 gxf4+ 20. Kh2 Qg5 0-1

[Event "Belovo"]
[Site "Belovo"]
[Date "2006.??.??"]
[Round "?"]
[White "Melentiev, Roman"]
[Black "Karpov, Igor"]
[Result "1/2-1/2"]
[WhiteElo "2219"]
[BlackElo "2269"]
[PlyCount "20"]
[EventDate "2006.??.??"]
[EventType "tourn"]
[EventRounds "16"]
[EventCountry "RUS"]
[SourceTitle "EXT 2008"]
[Source "ChessBase"]
[SourceDate "2007.11.25"]
[SourceVersion "1"]
[SourceVersionDate "2007.11.25"]
[SourceQuality "1"]

1. d4 f5 2. c4 g6 3. g3 Bg7 4. Nf3 Nf6 5. Bg2 d6 6. 0-0 0-0 7. Nc3 c6 8. b3 Na6 9. Bb2 Qe8 10. d5 Nc5 1/2-1/2

[Event "Belovo"]
[Site "Belovo"]
[Date "2006.??.??"]
[Round "?"]
[White "Tcherbakov, Sergei"]
[Black "Karpov, Igor"]
[Result "0-1"]
[WhiteElo "2279"]
[BlackElo "2269"]
[PlyCount "66"]
[EventDate "2006.??.??"]
[EventType "tourn"]
[EventRounds "16"]
[EventCountry "RUS"]
[SourceTitle "EXT 2008"]
[Source "ChessBase"]
[SourceDate "2007.11.25"]
[SourceVersion "1"]
[SourceVersionDate "2007.11.25"]
[SourceQuality "1"]

1. e4 c5 2. Nf3 e6 3. d4 cxd4 4. Nxd4 Nf6 5. Nc3 a6 6. e5 Ng8 7. Bf4 Ne7 8. Qf3 Ng6 9. Bg3 Qc7 10. 0-0-0 Nxe5 11. Qe4 d6 12. f4 Nec6 13. Nf5 g6 14. Nd5 Qd8 15. Bh4 gxf5 16. Qe1 Be7 17. Bxe7 Nxe7 18. Qc3 Nxd5 19. Qxh8+ Ke7 20. Qxh7 Nd7 21. Re1 N7f6 22. Qxf5 Bd7 23. Bc4 Bc6 24. Rhf1 Rc8 25. h3 Kd7 26. Qg5 b5 27. Bb3 a5 28. f5 e5 29. a3 a4 30. Ba2 b4 31. axb4 Ke7 32. Qd2 Qb6 33. Rd1 Ne4 0-1

[Event "Belovo"]
[Site "Belovo"]
[Date "2006.??.??"]
[Round "?"]
[White "Tydykov, Anatoliy"]
[Black "Karpov, Igor"]
[Result "1-0"]
[WhiteElo "2339"]
[BlackElo "2269"]
[PlyCount "63"]
[EventDate "2006.??.??"]
[EventType "tourn"]
[EventRounds "16"]
[EventCountry "RUS"]
[SourceTitle "EXT 2008"]
[Source "ChessBase"]
[SourceDate "2007.11.25"]
[SourceVersion "1"]
[SourceVersionDate "2007.11.25"]
[SourceQuality "1"]

1. c4 e5 2. Nc3 d6 3. g3 Nc6 4. Bg2 Nf6 5. d3 Be7 6. Nf3 0-0 7. 0-0 Re8 8. h3 Bf8 9. e4 Nd4 10. Nxd4 exd4 11. Ne2 c5 12. a3 Rb8 13. a4 a6 14. f4 Nd7 15. Bd2 b6 16. Kh2 Bb7 17. Ng1 Bc6 18. Nf3 b5 19. axb5 axb5 20. b3 Qb6 21. Re1 Ra8 22. Qc2 b4 23. Qb2 Qb7 24. g4 Rxa1 25. Rxa1 Ra8 26. Be1 Ra6 27. Bg3 Qa7 28. Rxa6 Qxa6 29. e5 d5 30. Qe2 dxc4 31. dxc4 Qb7 32. e6 1-0

[Event "RUS-chT2"]
[Site "Novokuznetsk"]
[Date "2003.??.??"]
[Round "7"]
[White "Abashev, Denis"]
[Black "Karpov, Igor"]
[Result "1-0"]
[WhiteElo "2407"]
[BlackElo "2336"]
[PlyCount "85"]
[EventDate "2003.??.??"]
[EventType "team"]
[EventRounds "9"]
[EventCountry "RUS"]
[SourceTitle "EXT 2005"]
[Source "ChessBase"]
[SourceDate "2004.11.15"]
[SourceVersion "1"]
[SourceVersionDate "2004.11.15"]
[SourceQuality "1"]

1. e4 c5 2. Nf3 d6 3. d4 cxd4 4. Nxd4 Nf6 5. Nc3 a6 6. g3 Nc6 7. Bg2 Nxd4 8. Qxd4 e5 9. Qd3 Be7 10. Bg5 Be6 11. 0-0 Qc7 12. Rfd1 Rd8 13. Bxf6 Bxf6 14. Nd5 Bxd5 15. Qxd5 0-0 16. Qb3 Rb8 17. Rd5 b5 18. Rad1 Rb6 19. Bf1 Be7 20. R1d3 Rc6 21. c3 Qb8 22. Rf3 Bf6 23. a4 bxa4 24. Qxa4 Rc5 25. Rxc5 dxc5 26. b3 Qb6 27. Bc4 a5 28. Rd3 Rd8 29. Rd7 Rxd7 30. Qxd7 Qd8 31. Qxf7+ Kh8 32. h4 h6 33. Bd5 Kh7 34. Kf1 Be7 35. Qf5+ Kh8 36. Qe6 Qf8 37. Ke2 Bd6 38. Qg6 Be7 39. Qa6 Bd8 40. Qe6 Be7 41. Qxe5 Bf6 42. Qf4 Qd8 43. Qe3 1-0

[Event "RUS-chT (club)"]
[Site "Novokuznetsk"]
[Date "1999.??.??"]
[Round "?"]
[White "Akselrod, Vladislav"]
[Black "Karpov, Igor"]
[Result "1-0"]
[WhiteElo "2405"]
[BlackElo "2249"]
[PlyCount "41"]
[EventDate "1999.??.??"]
[EventType "team-tourn"]
[EventRounds "11"]
[EventCountry "RUS"]
[SourceTitle "EXT 2001"]
[Source "ChessBase"]
[SourceDate "2000.11.22"]
[SourceVersion "1"]
[SourceVersionDate "2000.11.22"]
[SourceQuality "1"]

1. d4 Nf6 2. Nf3 g6 3. Nc3 d5 4. Bf4 Bg7 5. e3 0-0 6. Be2 c6 7. a4 Nbd7 8. 0-0 Re8 9. h3 Nf8 10. b4 N6d7 11. e4 a5 12. b5 dxe4 13. bxc6 bxc6 14. Nxe4 Ba6 15. Bxa6 Rxa6 16. Rb1 f5 17. Ned2 Ne6 18. Qe2 Nxf4 19. Qxa6 e5 20. Qc4+ Kh8 21. dxe5 1-0

[Event "RUS-ch sf"]
[Site "Novosibirsk"]
[Date "1999.??.??"]
[Round "2"]
[White "Chernov, Alexander"]
[Black "Karpov, Igor"]
[Result "0-1"]
[WhiteElo "2160"]
[BlackElo "2249"]
[PlyCount "146"]
[EventDate "1999.??.??"]
[EventType "swiss"]
[EventRounds "9"]
[EventCountry "RUS"]
[SourceTitle "EXT 2000"]
[Source "ChessBase"]
[SourceDate "1999.11.16"]
[SourceVersion "1"]
[SourceVersionDate "1999.11.16"]
[SourceQuality "1"]

1. e4 c5 2. Nf3 d6 3. d3 g6 4. g3 Bg7 5. Bg2 Nc6 6. 0-0 Nf6 7. Re1 e5 8. c3 0-0 9. a3 h6 10. b4 a6 11. h3 Qc7 12. Bb2 b5 13. d4 c4 14. a4 Bd7 15. Na3 Ne7 16. Qe2 Bc6 17. Nh2 Rfe8 18. d5 Bd7 19. Bc1 Qc8 20. g4 Nh7 21. Be3 f5 22. f3 Kh8 23. axb5 axb5 24. Nc2 Qb7 25. Ra5 f4 26. Bf2 Rxa5 27. bxa5 Ra8 28. Ra1 Nc8 29. Nb4 Bf6 30. Ra3 Na7 31. Bf1 Nf8 32. Qe1 Be8 33. Kg2 Nd7 34. h4 g5 35. Be2 Nc5 36. Nf1 Nc8 37. Nd2 Nb6 38. hxg5 hxg5 39. Ra1 Nba4 40. Qh1+ Kg7 41. a6 Nxa6 42. Nxa6 Rxa6 43. Ra3 Bd8 44. Qb1 Qc8 45. Bd1 Nc5 46. Qa1 Rxa3 47. Qxa3 Bb6 48. Bc2 Qb8 49. Kf1 Nd7 50. Bxb6 Qxb6 51. Bd1 Kf7 52. Be2 Kg7 53. Ke1 Qe3 54. Nf1 Qb6 55. Qb2 Qa5 56. Bd1 Nc5 57. Bc2 Qa7 58. Ke2 Kf8 59. Qc1 Qa2 60. Nd2 Nb7 61. Qb1 Qa3 62. Qb4 Qa1 63. Nf1 Nc5 64. Bd1 Ke7 65. Bc2 Nd3 66. Qb1 Qxc3 67. Bxd3 cxd3+ 68. Qxd3 Qc5 69. Qb3 b4 70. Nd2 Bb5+ 71. Kd1 Qd4 72. Qa2 Bd3 73. Ke1 Be2 0-1

[Event "RUS-chT (club)"]
[Site "Novokuznetsk"]
[Date "1999.??.??"]
[Round "?"]
[White "Ibragimov, Alibek"]
[Black "Karpov, Igor"]
[Result "1-0"]
[WhiteElo "2422"]
[BlackElo "2249"]
[PlyCount "53"]
[EventDate "1999.??.??"]
[EventType "team-tourn"]
[EventRounds "11"]
[EventCountry "RUS"]
[SourceTitle "EXT 2001"]
[Source "ChessBase"]
[SourceDate "2000.11.22"]
[SourceVersion "1"]
[SourceVersionDate "2000.11.22"]
[SourceQuality "1"]

1. e4 c5 2. Nf3 d6 3. d4 cxd4 4. Nxd4 Nf6 5. Nc3 a6 6. Be2 e6 7. 0-0 Be7 8. Be3 0-0 9. f4 Qc7 10. Qe1 b5 11. a3 Bb7 12. Bf3 Nc6 13. Qg3 Ne8 14. Kh1 Na5 15. Rad1 Nc4 16. Bc1 Nxa3 17. e5 Bxf3 18. Qxf3 Rc8 19. f5 dxe5 20. fxe6 exd4 21. exf7+ Kh8 22. Nd5 Qd8 23. Nxe7 Qxe7 24. fxe8Q Rfxe8 25. bxa3 Rxc2 26. Rxd4 Rxc1 27. Rxc1 1-0

[Event "RUS-ch sf"]
[Site "Novosibirsk"]
[Date "1999.??.??"]
[Round "3"]
[White "Karpov, Igor"]
[Black "Garagulya, Konstantin"]
[Result "0-1"]
[WhiteElo "2249"]
[BlackElo "2380"]
[PlyCount "52"]
[EventDate "1999.??.??"]
[EventType "swiss"]
[EventRounds "9"]
[EventCountry "RUS"]
[SourceTitle "EXT 2000"]
[Source "ChessBase"]
[SourceDate "1999.11.16"]
[SourceVersion "1"]
[SourceVersionDate "1999.11.16"]
[SourceQuality "1"]

1. d4 Nf6 2. c4 e6 3. Nf3 b6 4. g3 Bb7 5. Bg2 Bb4+ 6. Bd2 Be7 7. Nc3 0-0 8. Qc2 c5 9. d5 exd5 10. Ng5 Nc6 11. Nxd5 g6 12. h4 Nxd5 13. cxd5 Nd4 14. Qa4 Re8 15. Be3 Nf5 16. Bc1 Qc7 17. Kf1 Bxg5 18. hxg5 Qe5 19. Qc4 a5 20. Bf3 Nd4 21. Bf4 Qf5 22. Kg2 Rxe2 23. Bxe2 Bxd5+ 24. Kf1 Bxc4 25. Bxc4 d5 26. Be2 Qe4 0-1

[Event "RUS-chT (club)"]
[Site "Novokuznetsk"]
[Date "1999.??.??"]
[Round "?"]
[White "Karpov, Igor"]
[Black "Logunov, Maxim"]
[Result "0-1"]
[WhiteElo "2249"]
[BlackElo "2455"]
[PlyCount "74"]
[EventDate "1999.??.??"]
[EventType "team-tourn"]
[EventRounds "11"]
[EventCountry "RUS"]
[SourceTitle "EXT 2001"]
[Source "ChessBase"]
[SourceDate "2000.11.22"]
[SourceVersion "1"]
[SourceVersionDate "2000.11.22"]
[SourceQuality "1"]

1. d4 d5 2. c4 c6 3. Nf3 Nf6 4. Nc3 e6 5. cxd5 cxd5 6. e3 Be7 7. Bd3 a6 8. 0-0 b5 9. Ne5 0-0 10. Bd2 Bb7 11. Rc1 Nbd7 12. f4 Nb6 13. b3 Ne4 14. Nxe4 dxe4 15. Be2 Ba3 16. Rc2 f6 17. Nc6 Qd6 18. Na5 Bd5 19. Qb1 Rfc8 20. Bd1 Bb4 21. Rxc8+ Rxc8 22. Qb2 Bxd2 23. Qxd2 Qa3 24. Be2 b4 25. Nc4 Bxc4 26. bxc4 Nxc4 27. Bxc4 Rxc4 28. f5 exf5 29. Rd1 Rc3 30. d5 Rd3 31. Qc2 Rxd1+ 32. Qxd1 Qxe3+ 33. Kf1 Qd3+ 34. Qxd3 exd3 35. Ke1 Kf7 36. Kd2 Ke7 37. Kxd3 Kd6 0-1

[Event "RUS-chT (club)"]
[Site "Novokuznetsk"]
[Date "1999.??.??"]
[Round "?"]
[White "Nikitin, Andrey"]
[Black "Karpov, Igor"]
[Result "1-0"]
[WhiteElo "2418"]
[BlackElo "2249"]
[PlyCount "91"]
[EventDate "1999.??.??"]
[EventType "team-tourn"]
[EventRounds "11"]
[EventCountry "RUS"]
[SourceTitle "EXT 2001"]
[Source "ChessBase"]
[SourceDate "2000.11.22"]
[SourceVersion "1"]
[SourceVersionDate "2000.11.22"]
[SourceQuality "1"]

1. d4 Nf6 2. c4 g6 3. Nc3 Bg7 4. e4 d6 5. Be2 0-0 6. Nf3 Nc6 7. 0-0 e5 8. d5 Ne7 9. Ne1 Ne8 10. Be3 f5 11. f3 f4 12. Bf2 g5 13. a4 h5 14. c5 Ng6 15. cxd6 cxd6 16. a5 Nf6 17. Nb5 a6 18. Bb6 Qe7 19. Nc7 Rb8 20. Rc1 g4 21. Ba7 Bd7 22. Bxb8 Rxb8 23. Qb3 Nh7 24. Ne6 Qh4 25. fxg4 hxg4 26. Rc7 Ngf8 27. Bxa6 Bh6 28. Bc4 Ng5 29. Nxg5 Bxg5 30. a6 f3 31. g3 Qh6 32. axb7 Bd8 33. Rc6 Ba5 34. Nxf3 gxf3 35. Qxf3 Rxb7 36. Qf7+ Kh8 37. Qxf8+ Qxf8 38. Rxf8+ Kg7 39. Ra8 Bb4 40. Ba6 Bxc6 41. Bxb7 Bxb7 42. Rb8 Bc5+ 43. Kg2 Ba6 44. b4 Bd3 45. bxc5 Bxe4+ 46. Kf2 1-0